000 01115cam a2200289 4500
001 J120978
008 #DATE n2003 000 0 eng u
035 _a(Sirsi) u120978
041 _aeng
050 _a333.0062
_c18
110 _aRoyal Institution of Chartered Surveyors
_bProfessional Regulation and Consumer Protection
_94348
245 _aGuidance to rules of conduct
260 _aLondon
_bRICS
_c2003
300 _a54p.
_c30cm.
520 _aProvides guidance on, and aims to assist members in applying, the "Rules of conduct : conduct regulation 2003 under bye-laws10(1), 19, 20 and 22B" (J120976) which came into force 1 January 2003.
650 _aRICS BYE-LAWS
650 _aCHARTERED SURVEYORS RULE BOOK
650 _aABOUT RICS-RICS MEMBERS
650 _aRICS MEMBERS' ACCOUNTS RULES
650 _aPROFESSIONAL CONDUCT
650 _aPROFESSIONAL INDEMNITY INSURANCE
650 _aPROFESSIONAL PRACTICE
650 _aRICS RULES OF CONDUCT
690 _aMANAGEMENT-BUSINESS MANAGEMENT-PROFESSIONAL PRACTICE
710 _aRoyal Institution of Chartered Surveyors
_94900
942 _n0
999 _c102587
_d102587